Statistics for Name the Player(Football)

Click here to take the quiz!

General Stats

  • This quiz has been taken 30 times
  • The average score is 9 of 16

Answer Stats

Answer% Correct
Harry Kane
96%
Harry "GOAT" Maguire
93%
Eduardo Camavinga
82%
Kasper Schmeichel
82%
Aaron Wan-Bissaka
71%
Wilfried Zaha
71%
Adriano
57%
Sam Kerr
57%
Anthony Gordon
50%
Eberechi Eze
50%
Lucas Digne
46%
Adebayo Akinfenwa
43%
Alisha Lehmann
43%
Ismaila Sarr
39%
Alex Scott
14%
Unai Nunez
4%

Score Distribution

Percentile by Number Answered

Percent of People with Each Score

Your Score History

You have not taken this quiz